Loreto College Library, Kolkata
WEBOPAC (ONLINE PUBLIC ACCESS CATALOGUE)

Introduction to counseling and guidance (Record no. 41566)

MARC details
000 -LEADER
fixed length control field 00711nam a22002417a 4500
005 - DATE AND TIME OF LATEST TRANSACTION
control field 20221027143236.0
008 - FIXED-LENGTH DATA ELEMENTS--GENERAL INFORMATION
fixed length control field 180514b xxu||||| |||| 00| 0 eng d
020 ## - ISBN | অাই এস বি এন
ISBN | অাই এস বি এন 9789332551831
PRICE Rs.559.00
040 ## - CATALOGING SOURCE
Original cataloging agency Loreto College
041 ## - LANGUAGE CODE
Language code English
082 ## - DDC | ডিউই
Classification number | বর্গসংখ্যা 158.3
Book Number | গ্রন্থাঙ্ক GIB
100 ## - MAIN ENTRY--PERSONAL NAME | মুখ্য সংলেখ - ব্যাক্তিনাম
Personal name | ব্যাক্তিনাম Gibson,Robert L.
245 ## - TITLE STATEMENT | অাখ্যা বিবরণী
Title | অাখ্যা Introduction to counseling and guidance
Statement of responsibility | লেখকের দায়িত্বের বিবরণ Robert L.Gibson and Marianne H.Mitchell
250 ## - EDITION STATEMENT | সংস্করণ ক্ষেত্র
Edition statement | সংস্করণ 7th ed
260 ## - IMPRINT | প্রকাশনা ক্ষেত্র
Place of publication | প্রকাশ স্থান Noida
Name of publisher | প্রকাশকের নাম Pearson India Education
Date of publication | প্রকাশ কাল 2015
300 ## - PHYSICAL DESCRIPTION |
Page / Vol. No | পৃষ্ঠা / খন্ড সংখ্যা xviii,523p
Other physical details | অনান্য বাহ্যিক বিবরণ 22cm
504 ## - BIBLIOGRAPHY, ETC. NOTE
Bibliography, etc Includes bibliographical references and index
650 ## - SUBJECT ADDED ENTRY--TOPICAL TERM | বিষয় শিরোনাম - মূল বিষয়
Topical term | মূল বিষয় Counseling
650 ## - SUBJECT ADDED ENTRY--TOPICAL TERM | বিষয় শিরোনাম - মূল বিষয়
Topical term | মূল বিষয় Counseling, psychology
700 ## - ADDED ENTRY--PERSONAL NAME | অতিরিক্ত সংলেখ - ব্
Relator code | দায়িত্ব নির্দেশক Auth
Personal name | ব্যাক্তিনাম Mitchell,Marianne H.
850 ## - HOLDING INSTITUTION
Holding institution LCLIB
942 ## - ADDED ENTRY ELEMENTS (KOHA)
Koha item type Books
Holdings
Withdrawn status Lost status Source of classification Damaged status Not for loan Home library Current library Date acquired Price Total Checkouts Full call number Accession No. Date last seen Date checked out Price effective from Koha item type Coded location qualifier
    Dewey Decimal Classification     Loreto College Loreto College 14/05/2018 559.00 1 158.3 GIB 52556 45481 15/03/2022 19/02/2022 14/05/2018 Books  
    Dewey Decimal Classification     Loreto College Loreto College 14/05/2018 559.00 2 158.3 GIB 52557 45482 09/12/2019 09/12/2019 14/05/2018 Books  
    Dewey Decimal Classification     Loreto College Loreto College 31/03/2022 899.00   158.3 GIB 54022 47046 31/03/2022   31/03/2022 Books